000 00396nam a2200157Ia 4500
008 260417s2023 xx 000 0 und d
041 _aeng
082 _a615.321/DEV
_bDI-1298
100 _aDR.M.K.MOHAN RAJA
245 _aPHARMACOGNOSY
250 _a3RD ed
260 _aPUNE
_b2023
_bTECH KNOWLEDGE PUB.
300 _aP.B.12-6/3/3p
650 _aPHARMACOGNOSY
700 _aDR.TANVI DODIYA
999 _c1220609
_d1220609